[Event "Klubbmesterskapet 2017 (A)"]
[Site "Ås, Akershus NOR"]
[Date "2017.03.19"]
[Round "5"]
[White "Kielland-Lund, Jon"]
[Black "Lange, Holger"]
[Result "1/2-1/2"]
[WhiteElo "1499"]
[BlackElo "1598"]
[Annotator "Lange,Holger"]
[PlyCount "166"]
[EventDate "2017.01.12"]

1. c4 e6 2. d4 Nf6 3. g3 d5 4. Nf3 b6 {Mer vanlig er dxc4} 5. Bg2 Bb7 6. O-O
Be7 7. b3 O-O 8. Nbd2 Nbd7 9. Bb2 Rc8 10. cxd5 Bxd5 11. Re1 {Første trekk som
står ikke i Chessbase Live Database} Ne4 12. Rc1 Bb4 $6 {eller c5 her? Det
viser seg at Svart kommer aldri til ? spille trekket som er tematisk i
stillingen.} 13. a3 Nxd2 14. axb4 $6 (14. Nxd2 Bxg2 15. Kxg2 Bxd2 16. Qxd2 {
gir ørliten fordel for hvit, og særlig en sunn bondestruktur}) 14... Nxf3+ 15.
Bxf3 Bxf3 16. exf3 {To dobbeltbonde for hvit, kan det være god? I tillegg er
det svart som har initiative} Nf6 17. Qe2 Qd5 18. Rc3 Rfd8 (18... Qxd4 $2 19.
Rxc7 Qxb4 20. Rxa7 Qxb3 21. Bxf6 gxf6 {og fordelen er borte igjen}) 19. Ra1 Qb7
20. Rc4 c6 21. Kg2 Nd5 22. Qe1 $2 {Trusselen ...b5 som vinner bonden på b4 kan
man også parere med} (22. b5 $1 cxb5 23. Rxc8 Rxc8 24. Qxb5 $15) 22... Qe7 23.
Rac1 Qd7 24. h3 {Hvit bare venter hva skjer} Rc7 25. Ba1 Rdc8 26. Bb2 Qe7 27.
Ba1 Qg5 28. Kh2 {Hvit skjønte tydeligvis} (28. Bb2 $4 Nf4+ 29. Kh2 Nd3 $19)
28... Qf5 29. Qe4 Qf6 30. Bb2 b5 31. Rc5 Nxb4 {ikke det beste ifølge Stockfish.
Programmet foreslår} (31... Qg5 32. Qe1 h6 {, men det henger jo p? b4 ?}) 32.
Ba1 Qg6 33. Rd1 Nd5 34. Bb2 Qf6 35. Kg2 Qe7 36. Rdc1 Qd7 37. Ra1 Ra8 38. Qe1
Qc8 39. b4 {har store konsekvenser for resten av partiet. Svarts springer har
feltene a4 og c4 i tillegg til d5 nå, og hvit er kun tilskuere til svarts
aktiviteter} Qb7 40. Rc2 Nb6 41. Bc1 Rd7 42. Be3 Nc4 43. Rca2 Nb6 44. Ra5 Na4
45. Qc1 Nb6 46. Qe1 Nc4 47. R5a2 Qb6 $6 48. Ra6 Qb7 49. Qc3 Qc8 50. Qc1 Rb7 51.
Qc3 Qd7 52. R6a2 {Det var flere muligheter å spille ...a5 og ofre en bonde
midlertidig for å få initiativ på damefløyen. Her mener Stockfish at det er
definitivt best, men Svart våget ikke.} Rd8 53. Qe1 h6 54. Qc3 Rc8 55. Qe1 Qe7
56. Qc3 {Hvit gjør ingenting og vente på remis.} Nb6 57. Qe1 Nd5 58. Rb2 e5 {
Hvit fant ingen vei å komme videre enn det. Svart hadde forholdsvis dårlig tid
her (ca. 2:30 min)} 59. dxe5 Qxe5 60. Rb3 Re8 61. Rc1 Qe6 62. Rcb1 Rbe7 63. Qc1
Qg6 64. Bc5 $2 Re1 65. Qxe1 Rxe1 66. Rxe1 {teoretisk vunnet for svart hvis han
spiller nøyaktig nok} Qc2 $2 (66... a5 $1 67. Re4 (67. bxa5 $4 Qc2 68. Reb1
Qxc5 {0-1}) 67... a4 68. Rb2 {med avgjørende fordel}) 67. Ra3 Qb2 $4 68. Rxa7
Nxb4 69. Ree7 $2 (69. Re8+ Kh7 70. Bxb4 Qxb4 71. Rxf7 Qd6 72. Rb7 b4 73. Ree7
Qd4 74. Re4 Qd5 75. Rexb4 {og hvit vinner!}) 69... Nd3 70. Be3 Ne1+ 71. Kf1
Nxf3 72. Rxf7 Ng5 73. Bxg5 hxg5 74. Rxg7+ Qxg7 75. Rxg7+ Kxg7 $11 76. Ke2 Kf6
77. Kd3 c5 78. f3 Kf5 79. h4 gxh4 80. gxh4 b4 81. Kc4 Kg6 82. f4 Kf5 83. h5 Kf6
1/2-1/2

[Event "Klubbmesterskapet 2017 (A)"]
[Site "Ås, Akershus NOR"]
[Date "2017.02.23"]
[Round "5"]
[White "Bø, Martin"]
[Black "Andersen, Odd"]
[Result "1-0"]
[WhiteElo "1285"]
[BlackElo "1611"]
[Annotator "Lea, Per"]
[PlyCount "51"]
[EventDate "2017.01.12"]

1. Nf3 Nf6 2. d4 d5 3. c4 c6 4. e3 a6 5. Bd3 Bg4 6. O-O Ne4 7. Nc3 Ng5 8. cxd5
Nxf3+ 9. gxf3 Bh3 10. dxc6 e5 11. e4 Qf6 12. Kh1 Nxc6 (12... Bxf1 13. cxb7 Ra7
14. Nd5 Qg6 15. Bxf1 Rxb7 $18) 13. dxe5 Nxe5 14. Nd5 Qd8 15. Rg1 Nxd3 16. Qxd3
Be6 17. Bf4 Bxd5 18. exd5 Qd7 19. Rge1+ Kd8 20. Be3 Bd6 21. Bb6+ Bc7 22. Bxc7+
Qxc7 (22... Kxc7 23. d6+ Kb8 24. Re7 Qc6 25. Rxf7 $18) 23. d6 Qc6 24. Rac1 Qb6
25. Qe4 Qxd6 26. Red1 1-0

[Event "Klubbmesterskapet 2017 (A)"]
[Site "Ås, Akershus NOR"]
[Date "2017.02.23"]
[Round "5"]
[White "Moberg, Jan Rune"]
[Black "Lund, Petter"]
[Result "1-0"]
[WhiteElo "1529"]
[BlackElo "1583"]
[PlyCount "125"]
[EventDate "2017.01.12"]

1. d4 Nf6 2. c4 e5 3. Bg5 h6 4. Bxf6 Qxf6 5. dxe5 Bb4+ 6. Nd2 Qxe5 7. Qc2 Nc6
8. Ngf3 Nd4 9. Nxd4 Qxd4 10. e3 Qg4 11. h3 Qg5 12. Qe4+ Be7 13. Bd3 d6 14. O-O
f5 15. Qd5 c6 16. Qa5 b6 17. Qc3 Bf6 18. Qc2 O-O 19. Nf3 Qh5 20. Rad1 Be5 21.
Be2 Qf7 22. c5 Qc7 23. cxd6 Bxd6 24. Nd4 Bc5 25. Bf3 Bd7 26. b4 Bxd4 27. Qc4+
Kh8 28. Qxd4 Rad8 29. Qd6 Qc8 30. Qf4 Be6 31. a3 Bd5 32. Bxd5 cxd5 33. Rc1 Qe6
34. Rc7 Rd7 35. Rfc1 Rff7 36. Rc8+ Kh7 37. R1c6 Qe4 38. Qg3 f4 39. exf4 Rxf4
40. Re8 Qb1+ 41. Kh2 Qf5 42. Rcc8 Qg5 43. Rh8+ Kg6 44. Qd3+ Qf5 45. Rc6+ Kg5
46. Qe3 d4 47. Qd2 Qe5 48. g3 Rdf7 49. Rc2 Kg6 50. gxf4 Rxf4 51. Qd3+ Kh5 52.
Qg3 d3 53. Rd2 g5 54. Rd8 Qe4 55. R8xd3 g4 56. Re3 Qc4 57. hxg4+ Rxg4 58. Qe5+
Rg5 59. Rh3+ Kg6 60. Rd6+ Kf7 61. Rf3+ Kg8 62. Qe8+ Kh7 63. Rd7+ 1-0

[Event "Klubbmesterskapet 2017 (A)"]
[Site "Ås, Akershus NOR"]
[Date "2017.02.23"]
[Round "5"]
[White "Furnes, Torstein"]
[Black "Ruud, Kjetil"]
[Result "0-1"]
[WhiteElo "1565"]
[BlackElo "1527"]
[Annotator "Furnes, Torstein"]
[PlyCount "102"]
[EventDate "2017.01.12"]

1. d4 f5 2. c4 e6 3. Nc3 Bb4 4. Qc2 Nf6 5. a3 Be7 ({Hos ChessBase fortsetter
alle 76 partiene med} 5... Bxc3+) 6. Nf3 b6 7. e4 fxe4 8. Nxe4 Bb7 9. Bd3 Nxe4
10. Bxe4 Bxe4 11. Qxe4 Nc6 12. Qg4 $6 Bf6 13. O-O O-O 14. h4 $6 e5 15. dxe5
Nxe5 16. Nxe5 Bxe5 17. Bg5 Qe8 18. Rae1 d6 19. Re2 $6 {Ifølge vurderingene til
Fritz er vi nå ved et vendepunkt i partiet. Hittil har Fritz ment at hvit har
hatt en liten fordel, men fra nå av står svart best.} Qf7 20. b4 Rae8 21. Rc2
Qg6 22. Qd1 h6 23. Be3 Bf6 24. h5 Qe4 25. Qd5+ Rf7 26. Rd2 Re5 27. Qxe4 Rxe4
28. Rc1 Rh4 29. c5 ({Dersom jeg prøver å redde h-bonden ved å spille} 29. Rd5 {
så mister jeg istedet a-bonden:} Bb2 30. Rc2 Bxa3) 29... dxc5 30. bxc5 Rxh5 31.
c6 Be5 32. Rd8+ Kh7 33. Ra8 a5 34. Ra7 Kg6 35. Bxb6 cxb6 36. Rxf7 Kxf7 37. c7
Bxc7 38. Rxc7+ Kg8 39. Rb7 Rb5 40. Kf1 Rb2 41. a4 Kh7 42. g3 Kg6 43. Kg2 Kf6
44. Kf3 h5 45. Ke4 g5 46. Kd5 Rb4 47. Rb8 Rxa4 48. Rxb6+ Kf5 49. Rb8 Kg4 50.
Ke5 (50. Rg8) 50... Ra2 51. Ra8 Rxf2 {Hvit kan ikke slå a-bonden:} (51... Rxf2
52. Rxa5 $4 Rf5+ 53. Ke4 Rxa5) 0-1

[Event "Klubbmesterskapet 2017 (B)"]
[Site "Ås, Akershus NOR"]
[Date "2017.02.23"]
[Round "5"]
[White "Naasen, Nils"]
[Black "Sandvik, Sander"]
[Result "1-0"]
[WhiteElo "1320"]
[BlackElo "1145"]
[Annotator "Lea, Per"]
[PlyCount "79"]
[EventDate "2017.01.12"]

1. e4 e5 2. Nf3 Nc6 3. d4 exd4 4. Nxd4 g6 {Ikke det vanligste, men det er
spilt tidligere - også på stormesternivå.} (4... Bc5) (4... Nf6 {er de
desidert vanligste alternativene - spilt i ca 90% av tilfellene (ChessBase)})
5. Bc4 Bg7 6. Nxc6 bxc6 7. O-O Ne7 8. Re1 O-O 9. Nc3 Bb7 10. Bg5 d6 11. Qf3 {
Hvit begynner å få en ganske behagelig stilling} Qd7 12. Rad1 (12. Rac1 h6 13.
Bxe7 ({Hvit kunne beholdt presset etter} 13. Bf6 {Nå er det svart som får et
lite overtak}) 13... Qxe7) 12... h6 13. Bxe7 ({Hvit kunne ha beholdt et visst
press etter} 13. Bf6) 13... Qxe7 14. Re3 Qg5 15. Qg3 Qh5 16. Qf3 Qc5 17. Bb3
Bc8 18. h3 Be6 19. Red3 Bxb3 20. cxb3 a5 21. Qe3 Qe5 22. f4 Qe7 23. g3 Rfe8 24.
Re1 Qd7 25. Qd2 $2 Qxh3 26. Qg2 Qxg2+ 27. Kxg2 Kf8 28. Kf3 Rad8 29. Re2 d5 {
gir hvit en mulighet til å utlikne} (29... Re7 30. g4 g5 {og svart står litt
bedre}) 30. e5 g5 31. Na4 gxf4 32. gxf4 Ke7 {Det er ikke så lett å se hva den
svarte kongen har der å gjøre når f-bonden kan marsjere framover} (32... f6 33.
e6 f5 34. Nc5 {og nå kan svart spille} Ke7) 33. Nc5 (33. Rc3 f6 34. exf6+ Kxf6
35. Rxc6+ Kf5 $18) 33... Rh8 34. f5 Bf8 35. e6 (35. Rc3 Ra8 36. Rec2 $18) 35...
Kf6 $2 (35... Rg8 $11) 36. Nd7+ Kxf5 37. Re5+ Kg6 38. Kf4 $4 (38. e7 $1 Bxe7
39. Rxe7 Rde8 40. Ne5+ Kf6 41. Rxe8 Rxe8 42. Nxc6 {og 2 svake svarte merbønder
oppveier ikke på noen måte den hvite springeren}) 38... Bd6 $4 {Fristende, men
nå er det matt i 2 trekk} (38... Rxd7 $1 39. exd7 Bd6 40. Rde3 f6 {og svart
vinner}) 39. Rg3+ Kh7 40. Nf6# 1-0

[Event "Klubbmesterskapet 2017 (B)"]
[Site "Ås, Akershus NOR"]
[Date "2017.02.16"]
[Round "5"]
[White "Garmark, Vegard"]
[Black "Thowsen, Alf Geir"]
[Result "0-1"]
[WhiteElo "1217"]
[BlackElo "1188"]
[PlyCount "58"]
[EventDate "2017.01.12"]

1. d4 Nf6 2. c4 c5 3. Nf3 cxd4 4. e3 dxe3 5. Bxe3 Nc6 6. Nc3 g6 7. Bd3 Bg7 8.
O-O O-O 9. a3 d6 10. Ng5 Ne5 11. Be2 Bd7 12. Re1 Rc8 13. b3 b6 14. Qd4 Neg4 15.
Bd2 Nh5 16. Qe4 Nhf6 17. Qd4 Bf5 18. h3 Ne4 19. Qd5 e6 20. Qd3 Nxc3 21. Qg3
Nxe2+ 22. Rxe2 Bxa1 23. hxg4 f6 24. gxf5 fxg5 25. fxe6 Be5 26. Qd3 Qf6 27. Qd5
Kg7 28. Qb7+ Kh6 29. Re3 Qxf2+ 0-1

[Event "Klubbmesterskapet 2017 (B)"]
[Site "Ås, Akershus NOR"]
[Date "2017.02.16"]
[Round "5"]
[White "Petersen, Rune J"]
[Black "Simonsen, Steinar"]
[Result "0-1"]
[WhiteElo "875"]
[BlackElo "1218"]
[PlyCount "100"]
[EventDate "2017.01.12"]

1. d4 d5 2. Nf3 Nc6 3. e3 Nf6 4. c4 e6 5. Nc3 Bb4 6. Bd2 Bxc3 7. Bxc3 Ne4 8.
Qc2 O-O 9. Bd3 f5 10. cxd5 exd5 11. Bxe4 fxe4 12. Ne5 Qf6 13. O-O Nxe5 14. dxe5
Qg5 15. Kh1 c6 16. Qe2 Bg4 17. f3 exf3 18. gxf3 Be6 19. Rg1 Qh5 20. Rg3 Rf7 21.
Rag1 Raf8 22. Qg2 g6 23. f4 c5 24. b4 Bf5 25. Qxd5 Re8 26. bxc5 Be6 27. Qd3 Rd7
28. Rxg6+ hxg6 29. Rxg6+ Kh8 30. Qxd7 Bxd7 31. e6+ Kh7 32. Rg7+ Kh6 33. exd7
Qf3+ 34. Kg1 Qxe3+ 35. Kg2 Qe2+ 36. Kh3 Re3+ 37. Rg3 Rxg3+ 38. Kxg3 Qd3+ 39.
Kg4 Qxd7+ 40. f5 Qd1+ 41. Kf4 Qc1+ 42. Ke5 Qxc3+ 43. Ke6 Qe3+ 44. Kf6 Qxc5 45.
Ke6 Qc6+ 46. Ke5 Kg7 47. h4 Qf6+ 48. Kf4 Qxh4+ 49. Ke5 Qf6+ 50. Kf4 b5 0-1

[Event "Klubbmesterskapet 2017 (B)"]
[Site "Ås, Akershus NOR"]
[Date "2017.02.16"]
[Round "5"]
[White "Rønbeck, Bjørn"]
[Black "Samset, Jon"]
[Result "1/2-1/2"]
[WhiteElo "1168"]
[BlackElo "1069"]
[PlyCount "119"]
[EventDate "2017.01.12"]

1. e4 Nc6 2. Nf3 Nf6 3. Nc3 d6 4. h3 g6 5. Bc4 Be6 6. Bxe6 fxe6 7. d3 Bg7 8.
Ne2 O-O 9. c3 Qd7 10. Ng5 e5 11. Qb3+ d5 12. exd5 Nxd5 13. a3 Kh8 14. Ng3 h6
15. N5e4 Nf4 16. Bxf4 Rxf4 17. O-O-O Rb8 18. Nc5 Qe8 19. Nge4 Na5 20. Qa2 Qc8
21. Ne6 Rf5 22. Nxg7 Kxg7 23. g4 Rf3 24. b4 Nc6 25. Qe2 Qf8 26. Rh2 Qf4+ 27.
Kc2 Rf8 28. Rdh1 a5 29. Qd2 Qf7 30. g5 Qa2+ 31. Kd1 Qxd2+ 32. Kxd2 hxg5 33. Ke2
R3f5 34. Nc5 Nd8 35. h4 gxh4 36. bxa5 g5 37. Rg2 Kh6 38. a6 bxa6 39. Nxa6 Ne6
40. Rgh2 Nf4+ 41. Kd2 c6 42. Nc5 h3 43. Ne4 Rd8 44. Nc5 g4 45. a4 e4 46. d4
Rxc5 47. Ke3 Ng2+ 48. Rxg2 Rxc3+ 49. Kd2 Rf3 50. Rxg4 Rxd4+ 51. Ke2 Rxa4 52.
Rh4+ Kg5 53. R1xh3 Rxh3 54. Rxh3 Kg4 55. Rg3+ Kf4 56. Rc3 Ra2+ 57. Kf1 e6 58.
Rxc6 Kf3 59. Rc3+ Kf4 60. Re3 1/2-1/2

[Event "Klubbmesterskapet 2017 (A)"]
[Site "Ås, Akershus NOR"]
[Date "2017.03.02"]
[Round "6"]
[White "Andersen, Odd"]
[Black "Ruud, Kjetil"]
[Result "1-0"]
[WhiteElo "1611"]
[BlackElo "1527"]
[PlyCount "69"]
[EventDate "2017.01.12"]

1. e4 Nc6 2. d4 e5 3. d5 Nce7 4. c4 Ng6 5. Be3 Bb4+ 6. Nd2 Nf6 7. f3 O-O 8. a3
Be7 9. Bd3 Nh5 10. g3 d6 11. Qc2 Bd7 12. Ne2 Bh3 13. O-O-O Bg2 14. Rhg1 Bh3 15.
g4 Nhf4 16. Rg3 Bh4 17. Bxf4 Nxf4 18. Nxf4 Bxg3 19. Nxh3 Bxh2 20. Nf1 Bf4+ 21.
Nxf4 Qg5 22. Kb1 exf4 23. Nd2 h6 24. Nb3 Qe5 25. Rh1 Rab8 26. Rh5 g5 27. Qf2 a6
28. Nd4 b5 29. cxb5 Rb6 30. Nf5 Rfb8 31. Nxh6+ Kf8 32. Nf5 Ke8 33. Rxg5 Rxb5
34. Bxb5+ Rxb5 35. Ng7+ 1-0

[Event "Klubbmesterskapet 2017 (A)"]
[Site "Ås, Akershus NOR"]
[Date "2017.03.02"]
[Round "6"]
[White "Lange, Holger"]
[Black "Furnes, Torstein"]
[Result "0-1"]
[WhiteElo "1598"]
[BlackElo "1565"]
[Annotator "Furnes, Torstein"]
[PlyCount "108"]
[EventDate "2017.01.12"]

1. d4 d5 2. c4 e6 3. Nc3 Nf6 4. Bg5 Be7 5. e3 O-O 6. Nf3 Nbd7 7. Bd3 dxc4 8.
Bxc4 c5 9. O-O cxd4 10. Nxd4 Ne5 11. Be2 Qb6 $146 {Dette trekket er ikke
tidligere spilt i ChessBase sine databaser.} 12. Qb3 Qxb3 13. Nxb3 Ng6 14. Bf3
h6 15. Bxf6 Bxf6 16. Na5 Rb8 {Omtrent her sier Fritz-vurderingene at partiet
har et vendepunkt. Hittil har hvit hatt en liten fordel, men heretter mener
Fritz at svart står litt bedre.} 17. Rab1 Ne5 18. Be4 b6 19. Nc6 Nxc6 20. Bxc6
Bb7 21. Bxb7 Rxb7 22. Ne4 Be7 23. Rbc1 Rd8 24. Rc2 Rbd7 25. h3 f5 26. Ng3 Kf7
27. Ne2 e5 28. g3 Rd2 29. Rfc1 Bc5 30. a3 a5 31. Kf1 g5 32. Ke1 R2d3 33. Rc4
Ke6 34. R4c3 Rxc3 35. Nxc3 e4 36. Na4 Rd5 37. Ke2 Kd6 38. Nc3 Rd3 39. Nb5+ Ke5
40. Nc3 f4 41. Nxe4 $1 ({Fritz mener at det er litt bedre for hvit å bytte av
på f4 først.} 41. gxf4+ gxf4 42. Nxe4 $1) 41... Bxe3 $1 {Eneste trekk som
unngår tapt stilling for svart.} ({Poenget er} 41... Kxe4 $4 42. Rc4+ Bd4 43.
f3+ Kd5 44. Kxd3) 42. Rc3 Rxc3 43. Nxc3 Bc5 44. g4 Kd4 45. f3 $2 {Tapstrekket.}
({Fritz mener hvit må spille} 45. Nb1) 45... Kc4 46. Kd2 Kb3 47. Kc1 ({Det
hjelper ikke å prøve} 47. Nd1 Bd4 48. Kc1 b5 49. Kb1 b4 50. axb4 axb4 51. Kc1
Ka2 52. Kc2 b3+ 53. Kc1 Be3+ 54. Nxe3 fxe3 55. Kd1 Kxb2) 47... Bxa3 $1 48. Nd1
Bc5 49. Nc3 Bd4 50. Nd1 a4 51. Kb1 b5 52. Kc1 b4 53. Kb1 a3 54. bxa3 bxa3 0-1

[Event "Klubbmesterskapet 2017 (A)"]
[Site "Ås, Akershus NOR"]
[Date "2017.03.02"]
[Round "6"]
[White "Støle, Andreas"]
[Black "Kielland-Lund, Jon"]
[Result "1-0"]
[WhiteElo "1632"]
[BlackElo "1499"]
[Annotator "Støle, Andreas"]
[PlyCount "73"]
[EventDate "2017.01.12"]

1. b4 e5 2. Bb2 Bxb4 3. Bxe5 Nf6 4. Nf3 Nc6 5. Bb2 O-O 6. e3 d5 7. Be2 Bf5 8.
O-O Ne8 9. Nc3 f6 10. Nb5 Be6 11. Nbd4 Nxd4 12. Nxd4 Bf7 13. c3 Bc5 14. Bg4
Bxd4 15. cxd4 Nd6 16. d3 c6 17. a4 Qc7 18. Ba3 Rfe8 19. Rb1 Bg6 20. Bxd6 Qxd6
21. Rxb7 f5 22. Bh5 a5 23. Bxg6 hxg6 24. Qc2 Reb8 25. Rfb1 Rxb7 26. Rxb7 Rb8
27. Ra7 (27. Rxb8+ Qxb8 28. g3 Qb6) 27... Qb4 28. h4 Qe1+ 29. Kh2 Rb1 30. Kg3
$2 (30. Qxc6 Qxf2 31. Qe6+ Kh7 32. Qe7 Qg1+ 33. Kh3 Qh1+ 34. Kg3 Qe1+ 35. Kf4
Qf2+ 36. Ke5 Qxe3+ 37. Kxd5 Qxe7 38. Rxe7 $16) 30... Rd1 (30... Rc1 31. Qb2 Qd1
32. Qb8+ Kh7 33. Kf4 $1 $18) 31. Qxc6 Rd2 $2 (31... f4+ $1 32. Kg4 (32. Kxf4
Qxf2+) (32. Kf3 fxe3 33. fxe3 Qf1+ $11) 32... Qxf2 33. Qxd5+ Kh7 34. exf4 Rxd3
35. Rxg7+ {Only move!} Kxg7 36. Qe5+ $11) 32. Qxd5+ Kh7 33. Qf3 (33. Ra8 Qxf2+
34. Kh3) 33... Rxd3 34. h5 Qh1 35. hxg6+ Kh6 36. Qf4+ Kxg6 37. Ra6+ 1-0

[Event "Klubbmesterskapet 2017 (A)"]
[Site "Ås, Akershus NOR"]
[Date "2017.03.02"]
[Round "6"]
[White "Lund, Petter"]
[Black "Lea, Per"]
[Result "0-1"]
[WhiteElo "1583"]
[BlackElo "1533"]
[Annotator "Lea, Per"]
[PlyCount "102"]
[EventDate "2017.01.12"]

1. d4 d5 2. Nf3 e6 3. Nc3 c5 4. e3 Nf6 5. Be2 Nc6 6. O-O Be7 7. a3 a5 8. b3 O-O
9. Na4 b6 10. Bb2 cxd4 11. Nxd4 Bd7 12. Nb5 Na7 13. Nac3 Ne8 14. a4 Bf6 15. Rb1
Nxb5 16. axb5 Nc7 17. Qd2 Rc8 18. Rfd1 Qe8 19. Ba3 $2 {Mister to bønder} Bxc3
20. Qxc3 Nxb5 21. Qb2 Rxc2 22. Qxc2 Nxa3 23. Qc7 Nxb1 24. Rxb1 Bb5 25. Bf3 Qc6
26. Qxc6 Bxc6 27. Rc1 Rc8 28. e4 dxe4 29. Bxe4 Bd7 30. Rd1 Kf8 31. h4 {Løperen
på d7 var selvfølgelig tabu på grunn av matt på førsteraden} Ke7 32. h5 h6 33.
Rd3 f5 34. Bf3 e5 35. g3 e4 36. Re3 Kf6 37. Be2 Rc1+ 38. Kg2 Rb1 39. Rc3 a4 $2
({Bedre var:} 39... Ke5 40. Rc7 Kd6 41. Rc3 Be6) 40. bxa4 Bxa4 41. Rc7 Bb5 42.
Bxb5 Rxb5 43. Rc6+ Kg5 {Svart må se opp for mattvarianter! Hadde hvits konge
stått på e3 i stedet for g2, hadde ikke kongetrekk til g5 vært mulig på grunn
av matten.} 44. Rg6+ Kxh5 45. Rxg7 Rb2 46. Kf1 b5 47. Ke1 b4 48. Kf1 b3 49. Ke1
Ra2 50. Rb7 b2 51. Kd1 Ra1+ {Oppgitt. Det kunne fulgt} (51... Ra1+ 52. Kc2
b1=Q+ 53. Rxb1 Rxb1 54. Kxb1 Kg4 {og svart spiser alle de hvite bøndene}) 0-1

[Event "Klubbmesterskapet 2017 (A)"]
[Site "Ås, Akershus NOR"]
[Date "2017.03.02"]
[Round "6"]
[White "Bø, Martin"]
[Black "Moberg, Jan Rune"]
[Result "1-0"]
[WhiteElo "1285"]
[BlackElo "1529"]
[Annotator "Bø, Martin"]
[PlyCount "93"]
[EventDate "2017.01.12"]

1. e4 d6 2. d4 g6 3. c4 Bg7 4. Nc3 Nf6 5. Be2 O-O 6. Nf3 e5 7. O-O Nc6 8. d5
Ne7 9. Ne1 Ne8 10. Be3 f5 11. f3 f4 12. Bf2 g5 13. Rc1 Ng6 14. b4 a5 15. a3 h5
16. c5 Rf7 17. cxd6 cxd6 18. Na4 axb4 19. axb4 b5 $6 20. Bxb5 (20. Nb6 $1 Rb8
21. Rxc8 Rxc8 22. Nxc8 Qxc8 23. Bxb5 $18) 20... Rb8 21. Bxe8 $2 {Gir bort
mesteparten av fordelen hvit hadde} (21. Nb6 Nc7 22. Bc4 Ba6 23. Qe2 Bxc4 24.
Nxc4 Rxb4 $2 25. Nxd6 Qxd6 26. Rc6 Qd8 27. Nd3 Rb7 28. Rxg6) 21... Qxe8 22. Nb6
Ba6 23. Rc6 Bxf1 24. Kxf1 {Stockfish vurderer stillingen som litt bedre for
hvit, men er foreløpig i balanse. Hvit får veldig god aktivitet og en bonde i
kompensasjon for kvaliteten} g4 $6 (24... Bf8 {d6 bonden må forsvares, ellers
rakner det fort}) 25. Rxd6 Rc7 $6 26. Bc5 {Etter to unøyaktige trekk fra sort
har hvit en solid fordel iflg stockfish. Fortsatt veldig komplisert} g3 27. h3
{Sort har nå ikke noe mer mattangrep og motspill på kongefløyen, og hvit sin
stilling er klart å foretrekke} Bf8 28. Rxg6+ $6 {Stockfish sier 0.00 med en
lang variant med mange avbytter inn i et remissluttspill. Sort må dog være
forsiktig da hvit har et voldsomt initiativ. Husk sort leder med to kvaliteter
for to bønder} Qxg6 29. d6 Rcb7 (29... Ra7 $8 30. d7 Rd8 31. Qd5+ {Dette var
ikke mulig i varianten i partiet med tårnet på b7, da Dd5+ blir en gaffel på
kongen og tårnet på b7} Qf7 32. Qxe5 Bg7 33. Qe7 Qxe7 34. Bxe7 Rdxd7 35. Nxd7
Rxd7 36. Bg5 Rd2 37. Bxf4 Rf2+ 38. Kg1 Bd4 39. Bxg3 Rxf3+ 40. Kh2 Re3 41. Nc2
Rxe4 42. Nxd4 Rxd4 $11) 30. d7 Qf6 $2 (30... Kh7 31. d8=Q Rxd8 32. Qxd8 Bxc5
33. bxc5 Qc6 $8 34. Qd5 Qb5+ 35. Nc4 Rd7 36. Qe6 Rd4 37. Qf5+ {med evigsjakk})
31. Qd5+ $1 Kg7 (31... Kh8 {Med kongen på h8 fungerer ikke Sc8 pga Da6+ da
dronninga senere vil slå på d7 UTEN sjakk, noe som ville skjedd med kongen på
g7. Små detaljer har mye å si} 32. Nc8 (32. Bxf8 Rxb6 33. Bc5 Re6 34. b5 Rd8
35. Nd3 Kg7 {Gir en solid fordel til hvit}) 32... Qa6+ 33. Nd3 Rxd7 34. Qxd7
Rxc8 $15) 32. Nc8 Qd8 $2 (32... Qa6+ 33. Nd3 Rxd7 (33... Qa1+ 34. Ke2 {og alle
sjakker er dekka}) 34. Qxd7+ $18) (32... Rxd7 33. Qxd7+ Kh8 34. Bxf8 Qxf8 35.
Nd6 $18) 33. Qxe5+ $1 Kg8 34. Qe6+ Kg7 35. Bd4+ Kh7 36. Qf5+ Kh6 37. Qxf4+ Kh7
38. Qf5+ Kh6 39. Be3+ (39. Qe6+ Kh7 40. Qf7+ Kh6 41. Be3+) 39... Kg7 40. Bd4+
Kh6 41. Be3+ Kg7 42. Qe5+ Kg8 43. Qe6+ Kg7 44. Qh6+ Kf7 45. Qxh5+ Kg8 46. Qg6+
Bg7 47. Qe8+ 1-0

[Event "Klubbmesterskapet 2017 (B)"]
[Site "Ås, Akershus NOR"]
[Date "2017.03.02"]
[Round "6"]
[White "Aalmo, Alexander"]
[Black "Midtgard, Anders"]
[Result "1-0"]
[WhiteElo "1183"]
[BlackElo "1125"]
[PlyCount "83"]
[EventDate "2017.01.12"]

1. d4 g6 2. Nf3 Bg7 3. Bg5 c5 4. e3 Qb6 5. b3 d6 6. c3 Nf6 7. Qc2 O-O 8. Bd3
Qc7 9. Nbd2 Nbd7 10. O-O b6 11. Rac1 Bb7 12. h3 Rac8 13. c4 d5 14. cxd5 Nxd5
15. Bh4 Nb4 16. Qb1 Nxd3 17. Qxd3 Qd8 18. d5 Nf6 19. e4 Qd7 20. Ne5 Qd8 21.
Rfd1 Nxd5 22. Nxg6 hxg6 23. exd5 Rc7 24. Nc4 Rd7 25. d6 Qc8 26. Bxe7 Re8 27.
Qg3 Qc6 28. f3 Bd4+ 29. Kh1 Rdxe7 30. dxe7 Kg7 31. Re1 Qd7 32. Nd6 Bc6 33.
Nxe8+ Qxe8 34. Qd6 Qa8 35. Qxc6 Qh8 36. e8=Q Qh4 37. Qc7 Qf4 38. Qexf7+ Qxf7
39. Re7 Kh6 40. Rxf7 Be3 41. Rh7+ Kg5 42. Qe5# 1-0

[Event "Klubbmesterskapet 2017 (B)"]
[Site "Ås, Akershus NOR"]
[Date "2017.03.02"]
[Round "6"]
[White "Simonsen, Steinar"]
[Black "Rønbeck, Bjørn"]
[Result "1/2-1/2"]
[WhiteElo "1218"]
[BlackElo "1168"]
[PlyCount "68"]
[EventDate "2017.01.12"]

1. e4 c5 2. Nf3 d6 3. Nc3 Nc6 4. d4 cxd4 5. Nxd4 Nxd4 6. Qxd4 e5 7. Bb5+ Bd7 8.
Bxd7+ Qxd7 9. Qd3 h6 10. Be3 Nf6 11. h3 Be7 12. O-O O-O 13. Rad1 a6 14. Nd5
Nxd5 15. Qxd5 Rac8 16. c3 Kh7 17. Qxe5 f5 18. Qd5 f4 19. Bd4 f3 20. e5 fxg2 21.
Qxg2 Bg5 22. Qe4+ g6 23. e6 Qe7 24. f4 d5 25. Qe3 Bf6 26. Bxf6 Rxf6 27. Rxd5
Rxe6 28. Re5 Rcc6 29. Re1 Qh4 30. Rxe6 Rxe6 31. Qxe6 Qg3+ 32. Kh1 Qf3+ 33. Kh2
Qf2+ 34. Kh1 Qf3+ 1/2-1/2

[Event "Klubbmesterskapet 2017 (B)"]
[Site "Ås, Akershus NOR"]
[Date "2017.03.02"]
[Round "6"]
[White "Samset, Jon"]
[Black "Garmark, Vegard"]
[Result "0-1"]
[WhiteElo "1069"]
[BlackElo "1217"]
[PlyCount "42"]
[EventDate "2017.01.12"]

1. Nf3 f5 2. d4 Nf6 3. d5 c6 4. Nc3 cxd5 5. Nxd5 e6 6. Nxf6+ Qxf6 7. Rb1 Nc6 8.
Bg5 Qg6 9. h4 h6 10. h5 Qf7 11. Bf4 d5 12. g3 Be7 13. Ne5 Nxe5 14. Bxe5 Bd7 15.
Bg2 O-O 16. Qd2 Bf6 17. Bxf6 Qxf6 18. Bxd5 exd5 19. Qxd5+ Be6 20. Qxb7 Rfd8 21.
a3 $4 Bd5 0-1